Statistics for History by Letter - Z

Click here to take the quiz!

General Stats

  • This quiz has been taken 52,640 times
    (44,822 since last reset)
  • The average score is 9 of 20

Answer Stats

HintAnswer% Correct
King of the Greek godsZeus
96%
Airship such as the HindenburgZeppelin
84%
Nation formerly the British colony
of Southern Rhodesia
Zimbabwe
82%
Former name of the D.R. CongoZaire
81%
South African tribe ruled by ShakaZulu
79%
First name of U.S. President TaylorZachary
77%
"ism" about a Jewish homeland
in the Middle East
Zionism
76%
Island nation that merged with
Tanganyika in 1963
Zanzibar
56%
Persian prophet and namesake
of a major religion
Zoroaster
42%
1943 Los Angeles riots between soldiers
and Mexican youth
{Zoot} Suit Riots
41%
German proposal that Mexico
invade the U.S.
{Zimmermann}
Telegram
33%
Mesopotamian pyramid with stepsZiggurat
32%
Chiapas rebels that have warred
with Mexico since 1994
Zapatistas
26%
Most-decorated Soviet general of WWIIGeorgy Zhukov
25%
Writer who "J'accused" the French
of anti-semitism
Émile Zola
22%
Famous video of the JFK assassination{Zapruder} Film
22%
Lavish Broadway revue of the
early 1900's
{Ziegfeld} Follies
20%
Paradox enthusiast of ancient GreeceZeno
18%
Dutch bay that was dammed and
turned into Lake Ijssel
Zuiderzee
10%
Three-letter word for a Gulag inmateZek
9%

Score Distribution

Percentile by Number Answered

Percent of People with Each Score

Your Score History

You have not taken this quiz since the last reset